000 01423nam0a2200373 4500
001 RU\NLR\bibl\291843
005 20260406062749.0
010 _a5-94015-007-1
_93000
021 _aRU
_b2002-15818
_9795
035 _a(NLR Aleph) 000287205
090 _a1681301
_c1681301
100 _a20020723d2002 |||y0rusy50 ca
101 1 _arus
102 _aRU
105 _ay |||||||||
200 1 _aКарьера для творческого человека
_eКурс выживания в джунглях соврем. бизнеса
_fЛи Силбер
_g[Пер.: А. Дорман]
210 _aМ.
_cДобрая кн.
_d2002
215 _a374 с.
_d21
225 1 _aСредства для высокоэффективной жизни
606 0 _aКарьера служебная
_xСоциально-психологические исследования
_92075067
_3RU\NLR\auth\661250106
606 0 _aПредпринимательство
_91161265
_3RU\NLR\auth\66147005
610 0 _aПредпринимательство
675 _a316.6
_v3
_zrus
686 _a04
_2rugasnti
686 _a88.5
_2rubbk
686 _aС550.445
686 _aУ5-13
700 1 _4070
_8rus
_7ca
_aСилбер
_bЛ.
_gЛи
_3RU\NLR\auth\7712915
_9122624
801 0 _aRU
_bRKP
_c20020723
_gPSBO
801 1 _aRU
_bRKP
_c20020723
801 2 _aRU
_bNLR
_c20020905
_grcr
942 _cBOOK
980 _aNB